Sports Quiz

Random Sports Quiz
Score 0/99 Timer 10:00
0 Plays Today
% Correct
Tiger Woods
96.6%
Tiger Woods
96.6%
Tiger Woods
96.6%
New York Yankees
95.1%
Boston Red Sox
93.3%
Boston Red Sox
93.3%
New England Patriots
92.8%
New England Patriots
92.8%
New England Patriots
92.8%
Los Angeles Lakers
92.7%
Los Angeles Lakers
92.7%
Los Angeles Lakers
92.7%
Los Angeles Lakers
92.7%
Pittsburgh Steelers
90%
Pittsburgh Steelers
90%
Rodger Federer
89.2%
Rodger Federer
89.2%
Rodger Federer
89.2%
Rodger Federer
89.2%
Rodger Federer
89.2%
New York Giants
88.5%
Serena Williams
87.9%
Serena Williams
87.9%
Venus Williams
87.6%
Venus Williams
87.6%
Boston Celtics
85.8%
San Antonio Spurs
84.2%
San Antonio Spurs
84.2%
San Antonio Spurs
84.2%
Indianapolis Colts
84%
Chicago White Sox
82%
Detroit Red Wings
82%
Detroit Red Wings
82%
% Correct
St. Louis Cardinals
81.3%
Miami Heat
80.4%
Philadelphia Phillies
79.8%
Phil Mickelson
79.7%
Phil Mickelson
79.7%
Duke
77.5%
Florida Marlins
76.9%
Arizona Diamondbacks
74.9%
Pittsburgh Penguins
74.5%
North Carolina
74.2%
North Carolina
74.2%
St Louis Rams
73.7%
Baltimore Ravens
72.2%
Detroit Pistons
71.4%
Anaheim Angels
70.1%
Tampa Bay Buccaneers
69.4%
Connecticut
66.8%
Kansas
66%
Pete Sampras
64.4%
Jimmie Johnson
64.1%
Zach Johnson
63.6%
Florida
60.8%
Florida
60.8%
New Jersey Devils
59.5%
New Jersey Devils
59.5%
Colorado Avalanche
59.2%
Jeff Gordon
56.2%
Anaheim Ducks
55.6%
Tampa Bay Lightning
55.1%
Andy Roddick
53.9%
Syracuse
52.9%
Maria Sharapova
51.9%
Dale Earnhardt Jr
51.5%
% Correct
Michigan State
50.7%
Carolina Hurricanes
49.7%
Vijay Singh
45.7%
New York Yankees
43.9%
Maryland
41.2%
Angel Cabrera
32.6%
Justine Henin
32.4%
Justine Henin
32.4%
Kim Clijsters
23.9%
Kim Clijsters
23.9%
Juan Martin del Potro
23.7%
Mike Weir
23.4%
Lleyton Hewitt
21.9%
Smarty Jones
20.4%
Barbaro
19.6%
Marat Safin
19.3%
Big Brown
19.1%
Kevin Harvick
17.1%
Trevor Immelman
17%
Matt Kenseth
14.6%
Michael Waltrip
14.4%
Michael Waltrip
14.4%
Mine That Bird
12.1%
Ryan Newman
9.9%
Dale Jarrett
9.7%
Funny Cide
9.3%
Svetlana Kuznetsova
8.1%
War Emblem
6.6%
Ward Burton
6.1%
Giacomo
5.4%
Fusaichi Pegasus
4.4%
Street Sense
3.5%
Monarchos
3.2%
Remove Ads.
Support Sporcle.
Get the best of Sporcle when you Go Orange. This ad-free experience offers more features, more stats, and more fun while also helping to support Sporcle. Thank you for becoming a member.

You're not logged in!

Compare scores with friends on all Sporcle quizzes.
OR
Log In

Show Comments

Extras

Created Oct 6, 2009ReportNominate
Tags:2000

Top Quizzes Today


Score Distribution

Your Account Isn't Verified!

In order to create a playlist on Sporcle, you need to verify the email address you used during registration. Go to your Sporcle Settings to finish the process.

Report this User

Report this user for behavior that violates our Community Guidelines.

Details: